| 000 | 00961cam a2200289 i 4500 | ||
|---|---|---|---|
| 999 |
_c200450916 _d69128 |
||
| 003 | TR-AnTOB | ||
| 005 | 20230213142845.0 | ||
| 007 | ta | ||
| 008 | 221218s2022 tu 000 e tur d | ||
| 020 | _a9786056887192 | ||
| 040 |
_aTR-AnTOB _beng _erda _cTR-AnTOB _dTR-AnTOB |
||
| 041 | 0 |
_atur _aeng _aara |
|
| 050 | 1 | 4 |
_aPL243 _b.D869 2022 |
| 090 |
_aPL243 _b.D869 2022 |
||
| 245 | 0 | 0 |
_aDünya yeniden kurgulanırken: _bSözümüz var! : while the world is redesigned: we have something to say! / _ceditör, Mehmet Kırtorun. |
| 250 | _a1 baskı | ||
| 264 | 1 |
_aİstanbul : _bMavera Kültür, _c2022. |
|
| 300 |
_a72, 133 pages ; _c21 cm |
||
| 336 |
_atext _btxt _2rdacontent |
||
| 337 |
_aunmediated _bn _2rdamedia |
||
| 338 |
_avolume _bnc _2rdacarrier |
||
| 490 | 0 |
_aMavera kültür kitabı ; _v8 |
|
| 650 | 7 |
_aTürk denemeleri _2etuturkob _97069 |
|
| 700 | 1 |
_aKırtorun, Mehmet _eeditor _9139753 |
|
| 942 |
_2lcc _cBK |
||